Narrative cultures and the aesthetics of religion

"Narrative Cultures and the Aesthetics of Religion presents the aesthetics of narrative in religious contexts by approaching narrative acts as situated modes of engaging with reality, equally shaped by the immersive character of the stories told and the sensory qualities of their performances....

Full description

Saved in:  
Bibliographic Details
Contributors: Kirsch, Anja 1980- (Editor) ; Johannsen, Dirk (Editor) ; Kreinath, Jens 1967- (Editor)
Format: Electronic Book
Language:English
Subito Delivery Service: Order now.
Check availability: HBZ Gateway
Interlibrary Loan:Interlibrary Loan for the Fachinformationsdienste (Specialized Information Services in Germany)
Published: Leiden Boston Brill [2020]
In:Year: 2020
Series/Journal:Supplements to method & theory in the study of religion volume14
Further subjects:B Narration (Rhetoric) Religious aspects
B Storytelling ; Religious aspects
B Senses and sensation ; Religious aspects
B Aesthetics Religious aspects
B Religion and culture
B Aesthetics ; Religious aspects
B Narration (Rhetoric) ; Religious aspects
B Storytelling Religious aspects
B Senses and sensation Religious aspects
Online Access: Volltext (lizenzpflichtig)

MARC

LEADER 00000cam a22000002c 4500
001 1877862320
003 DE-627
005 20251226213614.0
007 cr uuu---uuuuu
008 240111s2020 ne |||||o 00| ||eng c
035 |a (DE-627)1877862320 
035 |a (DE-599)KEP052812545 
035 |a (EbpS)2384706 
035 |a (DE-627-1)052812545 
040 |a DE-627  |b ger  |c DE-627  |e rda 
041 |a eng 
044 |c XA-NL 
050 0 |a BL628.7 
082 0 |a 208 
084 |a 0  |2 ssgn 
245 0 0 |a Narrative cultures and the aesthetics of religion  |c edited by Dirk Johannsen, Anja Kirsch, Jens Kreinath 
264 1 |a Leiden  |a Boston  |b Brill  |c [2020] 
300 |a 1 Online-Ressource (xv, 375 pages)  |b illustrations 
336 |a Text  |b txt  |2 rdacontent 
337 |a Computermedien  |b c  |2 rdamedia 
338 |a Online-Ressource  |b cr  |2 rdacarrier 
490 0 |a Supplements to method & theory in the study of religion  |v volume14 
500 |a Includes bibliographical references and index 
520 |a "Narrative Cultures and the Aesthetics of Religion presents the aesthetics of narrative in religious contexts by approaching narrative acts as situated modes of engaging with reality, equally shaped by the immersive character of the stories told and the sensory qualities of their performances. Introducing narrative cultures as an integrative framework of analysis, the volume builds a bridge between classical content-based approaches to narrative sources and the aesthetic study of religions as constituted by sensory and mediated practices. Studying stories in conjunction with the role performative acts of storytelling play in the cultivation of the senses, the contributors explore the efficacy of storytelling formats in narrative cultures from Antiquity until today, in regions and cultures across the globe." 
601 |a Religion 
650 0 |a Storytelling  |x Religious aspects 
650 0 |a Aesthetics  |x Religious aspects 
650 0 |a Religion and culture 
650 0 |a Narration (Rhetoric)  |x Religious aspects 
650 0 |a Senses and sensation  |x Religious aspects 
650 4 |a Storytelling ; Religious aspects 
650 4 |a Aesthetics ; Religious aspects 
650 4 |a Narration (Rhetoric) ; Religious aspects 
650 4 |a Senses and sensation ; Religious aspects 
700 1 |e HerausgeberIn  |0 (DE-588)1089832281  |0 (DE-627)851152775  |0 (DE-576)460507109  |4 edt  |a Kirsch, Anja  |d 1980- 
700 1 |8 1\p  |e HerausgeberIn  |0 (DE-588)1205377247  |0 (DE-627)1691010219  |4 edt  |a Johannsen, Dirk 
700 1 |8 2\p  |e HerausgeberIn  |0 (DE-588)133182894  |0 (DE-627)538261099  |0 (DE-576)187490848  |4 edt  |a Kreinath, Jens  |d 1967- 
776 1 |z 9789004421677  |c ebook 
776 1 |z 900442167X  |c ebook 
776 1 |z 9789004421660 
776 1 |z 9004421661 
776 1 |z 9789004421660 
776 0 8 |i Erscheint auch als  |n Druck-Ausgabe  |t Narrative cultures and the aesthetics of religion  |d Leiden ; Boston : Brill, [2020]  |w (DLC)2019053862 
856 4 0 |u https://search.ebscohost.com/login.aspx?direct=true&scope=site&db=nlebk&db=nlabk&AN=2384706  |m X:EBSCO  |x Aggregator  |z lizenzpflichtig  |7 1 
883 |8 1\p  |a cgwrk  |d 20241001  |q DE-101  |u https://d-nb.info/provenance/plan#cgwrk 
883 |8 2\p  |a cgwrk  |d 20241001  |q DE-101  |u https://d-nb.info/provenance/plan#cgwrk 
912 |a ZDB-4-NLEBK 
912 |a ZDB-4-EBA 
951 |a BO 
ELC |a 1 
ITA |a 1  |t 1 
LOK |0 000 xxxxxcx a22 zn 4500 
LOK |0 001 4454234485 
LOK |0 003 DE-627 
LOK |0 004 1877862320 
LOK |0 005 20240111101344 
LOK |0 008 240111||||||||||||||||ger||||||| 
LOK |0 040   |a DE-21  |c DE-627  |d DE-21 
LOK |0 092   |o n 
LOK |0 689   |a s  |a eBook-EBSCO-eBook-Academic-Collection 
LOK |0 852   |a DE-21 
LOK |0 852 1  |9 00 
LOK |0 85640  |u https://search.ebscohost.com/login.aspx?direct=true&scope=site&db=nlebk&db=nlabk&AN=2384706  |z Zugriff für die Universität Tübingen 
LOK |0 912   |a ZDB-4-EBA 
LOK |0 935   |a ebok  |a lbok 
LOK |0 939   |a 11-01-24  |b l01 
LOK |0 000 xxxxxcx a22 zn 4500 
LOK |0 001 4579384555 
LOK |0 003 DE-627 
LOK |0 004 1877862320 
LOK |0 005 20240917143506 
LOK |0 008 240913||||||||||||||||ger||||||| 
LOK |0 040   |a DE-Tue135  |c DE-627  |d DE-Tue135 
LOK |0 092   |o n 
LOK |0 852   |a DE-Tue135 
LOK |0 852 1  |9 00 
LOK |0 866   |x #014 
LOK |0 935   |a ixsb  |a rwzx 
LOK |0 939   |a 13-09-24  |b l01 
ORI |a SA-MARC-ixtheoa001.raw 
REL |a 1 
SUB |a REL